000 00673nam a2200253Ia 4500
003 OSt
005 20220912152853.0
006 a|||||r|||| 00| 0
007 ta
008 220909b |||||||| |||| 00| 0 eng d
024 _a33710
037 _cTextual
040 _aCSL
_beng
_cCSL
041 _aeng
082 _aY15-5927:44-25213, M1
100 _aSearle-Chatterjee Mary
245 0 _aReversible sex roles: The special case of Banaras sweepers
260 _c1981
300 _ap.
_ccm.
650 _a Minority
650 _aAnthropology
942 _hY15-5927:44-25213, M1
_cTEXL
_2CC
999 _c92469
_d92469